Villes arpitanes - Statistiques

Statistiques générales
  • Ce quiz a été pris 37 fois
  • Le résultat moyen est 18 sur 68
Statistiques - réponses
Ville Population % Correct
Lyon 522 250
94%
Genève 203 840
91%
Grenoble 157 477
91%
Annecy 131 715
88%
Lausanne 141 418
79%
Chambéry 59 856
74%
Saint-Étienne 172 718
71%
Bourg-en-Bresse 41 525
68%
Villeurbanne 156 928
65%
Aoste 33 060
56%
Thonon-les-Bains 37 027
50%
Lons-le-Saunier 17 043
47%
Annemasse 37 918
44%
Neuchâtel 44 597
44%
Montreux 26 230
41%
Fribourg 37 653
35%
Vénissieux 66 363
35%
Vevey 19 738
35%
Albertville 19 812
32%
Nyon 22 465
29%
Oyonnax 22 277
29%
Vaulx-en-Velin 52 139
29%
Vienne 31 051
29%
Villefranche-sur-Saône 35 913
29%
Bron 43 049
26%
Roanne 34 762
26%
Sion 35 650
26%
Aix-les-Bains 31 874
24%
Martigny 20 974
24%
Pontarlier 17 849
24%
Bourgoin-Jallieu 29 577
21%
Saint-Priest 48 822
21%
Bulle 25 722
18%
La Chaux-de-Fonds 36 527
18%
Sierre 17 295
18%
Voiron 20 891
18%
Cluses 17 164
15%
Décines-Charpieu 29 731
15%
Échirolles 36 849
15%
Meyzieu 35 882
15%
Saint-Martin-d'Hères 38 454
15%
Sallanches 17 133
15%
Yverdon-les-Bains 29 827
15%
Monthey 18 446
12%
Morges 17 529
12%
Rillieux-la-Pape 31 247
12%
Bienne 55 070
9%
Caluire-et-Cuire 43 572
9%
Carouge 22 164
9%
Fontaine 22 891
9%
Onex 18 773
9%
Oullins-Pierre-Bénite 37 628
9%
Tassin-la-Demi-Lune 22 676
9%
Firminy 17 137
6%
Givors 20 654
6%
L'Isle-d'Abeau 17 206
6%
Meyrin 26 517
6%
Renens 21 086
6%
Saint-Chamond 35 068
6%
Saint-Fons 19 360
6%
Saint-Genis-Laval 20 929
6%
Vernier 36 572
6%
Écully 18 361
3%
Lancy 34 656
3%
Meylan 18 573
3%
Pully 18 984
3%
Sainte-Foy-lès-Lyon 21 858
3%
Villefontaine 19 083
0%
Aucun quiz correspondant
Distribution des résultats
% des personnes avec chaque résultat
Percentile par nombre de réponses
Votre historique - résultats
Vous n’avez pas pris ce quiz